| Поле | Название | Значение |
| |
Тип записи |
a |
| |
Библиографический уровень |
m |
| 001 |
Контрольный номер |
RU\NLR\BIBL_A\010772449 |
| 005 |
Дата корректировки |
20250519101301.2 |
| 010 |
Индекс ISBN |
__ |
| a |
ISBN |
978-5-699-79222-1 |
| d |
Цена |
253-85 |
| 021 |
№ государственной регистрации |
__ |
| b |
№ документа |
2015-30590 |
| 100 |
Данные общей обработки |
__ |
| a |
Данные общей обработки |
19150601d20 |||y0rusy0189 ca |
| 101 |
Язык документа |
__ |
| a |
Язык текста |
rus |
| 102 |
Страна публикации |
__ |
| a |
Страна публикации |
RU |
| 102 |
Страна публикации |
__ |
| a |
Страна публикации |
RU |
| 105 |
Кодированные данные (монография) |
__ |
| a |
Кодированные данные (монография) |
a|||z|||000zy |
| 200 |
Заглавие и сведения об ответственности |
__ |
| a |
Заглавие |
100 научных опытов для детей и взрослых в комнате, на кухне, на даче |
| e |
Сведения, относящиеся к заглавию |
[пособие для развивающего обучения : для младшего школ. возраста] |
| f |
Первые сведения об ответственности |
Сергей Болушевский, Мария Яковлева |
| 210 |
Выходные данные |
__ |
| a |
Место издания |
Москва |
| c |
Издательство |
ЭКСМО |
| d |
Дата издания |
2016 |
| 215 |
Физическое описание |
__ |
| a |
Объем |
238 с. |
| c |
Иллюстрации/тип воспроизводства |
ил. |
| d |
Формат |
21 |
| 225 |
Серия (Журнальная рубрика) |
__ |
| a |
Серия (Журнальная рубрика) |
Опыты для детей и взрослых |
| 330 |
Аннотация |
__ |
| a |
Аннотация |
Невероятные химические превращения, загадочные физические явления, непредсказуемое поведение насекомых и растений - с помощью нашей уникальной книги ты сможешь заняться настоящей наукой прямо у себя дома или на улице. Увлекательные опыты, собранные в этой книге сочетают в себе научные знания и развлечения. Их можно проводить одному, вдвоем или целой компанией. Для младшего школьного возраста. |
| 333 |
Примечание о целевом назначении |
__ |
| a |
Примечание о целевом назначении |
6+ |
| 606 |
Тематические рубрики |
__ |
| a |
Основная рубрика |
Естественные науки в целом |
| 606 |
Тематические рубрики |
__ |
| a |
Основная рубрика |
Образование. Педагогика |
| 606 |
Тематические рубрики |
__ |
| a |
Основная рубрика |
Семейное воспитание и образование |
| 610 |
Ключевые слова |
__ |
| a |
Ключевые слова |
детская литература |
| 610 |
Ключевые слова |
__ |
| a |
Ключевые слова |
научные опыты |
| 610 |
Ключевые слова |
__ |
| a |
Ключевые слова |
физические эксперименты |
| 686 |
Индексы других классификаций |
__ |
| 2 |
Код системы |
rubbk |
| a |
Индекс ББК |
Мл 20я92 |
| 686 |
Индексы других классификаций |
__ |
| a |
Индекс ББК |
74.9я92 |
| 700 |
Автор |
_1 |
| a |
Фамилия |
Болушевский |
| b |
Имя |
С. В. |
| g |
Полное личное имя |
Сергей Владимирович |
| 701 |
Альтернативная интеллектуальная ответственность (другие авторы) |
_1 |
| a |
Фамилия |
Яковлева |
| b |
Имя |
М. А. |
| c |
Титул (звания) |
педагог-методист |
| g |
Полное личное имя |
Мария Александровна |
| 801 |
Источник записи |
_0 |
| a |
Страна |
RU |
| b |
Организация |
РГБ |
| c |
Дата составления |
20150601 |
| 801 |
Источник записи |
_1 |
| a |
Страна |
RU |
| b |
Организация |
РГБ |
| c |
Дата составления |
20150601 |
| 801 |
Источник записи |
_2 |
| a |
Страна |
RU |
| b |
Организация |
NLR |
| c |
Дата составления |
20150601 |
| 801 |
Источник записи |
_2 |
| a |
Страна |
RU |
| b |
Организация |
Центральная районная библиотека им. Г. А. Пирожникова |
| c |
Дата составления |
20150601 |
| 852 |
Данные о местонахождении |
__ |
| j |
Шифр хранения |
20 |
| i |
Авторский знак |
Б 79 |
| b |
Сигла хранения |
ООЧ; 9; 10; 12; 14; 16; 22; 24; 26; 29; 32 |
| 901 |
Тип документа |
__ |
| t |
Тип документа |
m |
| 902 |
Роль лиц |
__ |
| a |
Создатель БЗ |
ОКиО/Струналь |
| 990 |
Данные о заказе (DOS) |
__ |
| j |
Количество экземпляров (DOS) |
12 |
| h |
N записи в КСУ для Б/У (DOS) |
2016-5 |